| 000 | 00559nam a2200205Ia 4500 | ||
|---|---|---|---|
| 001 | 14918 | ||
| 003 | GE_BSU | ||
| 008 | 181216s||||||||xx |||||||||||||| ||und|| | ||
| 040 | _cGE_BSU | ||
| 080 | _a517(075.8) | ||
| 100 | _aБермант,А.Ф. | ||
| 245 | _aКурс математического анализа. ч.2 | ||
| 260 | _aМосква | ||
| 260 | _bГосиздат | ||
| 260 | _c1953 | ||
| 300 | _a558стр. | ||
| 300 | _eБиблиогр. стр.354-558 | ||
| 653 | _aКурс математического анализа | ||
| 942 | _cBK | ||
| 999 |
_c48038 _d48038 |
||